| 000 | 00831cab a2200253 4500 | ||
|---|---|---|---|
| 001 | WB3216-33 | ||
| 008 | 090401t1996 xxu||||| |||| 00| 0 eng d | ||
| 035 | _a(Sirsi) u73990 | ||
| 041 | _aeng | ||
| 245 | _aLandlord admits manslaughter | ||
| 260 | _c1996 | ||
| 350 | _a0 | ||
| 490 |
_aIndependent _v20 April 1996, 3; 23 April 1996, 5 |
||
| 490 |
_aGuardian _v20 April 1996, 6(2) |
||
| 520 | _aA landlord has admitted to the manslaughter of a tenant who died from carbon monoxide poisoning from a faulty gas fire. | ||
| 650 | _aCARBON MONOXIDE POISONING | ||
| 650 | _aGAS APPLIANCES | ||
| 650 | _aGAS FIRES | ||
| 650 |
_aHEALTH AND SAFETY _96244 |
||
| 650 | _aLANDLORDS LIABILITY | ||
| 690 | _aPROPERTY-RESIDENTIAL PROPERTY-RESIDENTIAL LANDLORD AND TENANT-RESIDENTIAL TENANCIES | ||
| 942 | _n0 | ||
| 948 | _c04/03/1997 | ||
| 999 |
_c46702 _d46702 |
||